| 000 | 00995nam0a22002771 4500 | ||
|---|---|---|---|
| 001 | rc\3311126 | ||
| 005 | 20250609210946.0 | ||
| 021 |
_aRU _b[73-1612] |
||
| 035 | _a(NLR Aleph) 007504643 | ||
| 090 |
_a7676642 _c7676642 |
||
| 100 | _a20130115d1972 |||y0rusy50 ca | ||
| 101 | 0 | _arus | |
| 102 | _aRU | ||
| 105 | _aa z ||||| | ||
| 200 | 1 |
_aРодной край _eУчеб. пособие для учащихся 3-4 кл. школ Марийск. АССР |
|
| 205 | _a5-е изд., перераб. | ||
| 210 |
_aЙошкар-Ола _cМарийск. кн. изд-во _d1972 |
||
| 215 |
_a111 с. _cил. _d21 |
||
| 606 |
_aКраеведение _yМарийская АССР _jУчебники и пособия _2psbo |
||
| 700 | 1 |
_aДубровина _bА.И. _gАлександра Ильинична |
|
| 701 | 1 |
_aОкишева _bС.С. _gСофья Степановна |
|
| 801 | 0 |
_aRU _bNLR _gpsbo |
|
| 801 | 1 |
_aRU _bELAR _2rusmarc |
|
| 852 |
_aNLR _j72-5/4967 |
||
| 942 | _cBOOK | ||
| 980 | _aNB | ||